Biblioteca y Centro de Documentación

Innovació tecnològica, creixement econòmic i economia del coneixement (Registro nro. 16856)

Detalles MARC
000 -CABECERA
Longitud fija campo de control 01872nam a2200433 c 4500
001 - NÚMERO DE CONTROL
Número de control 16856
003 - IDENTIFICADOR DE NÚMERO DE CONTROL
Identificador del número de control ES-MaCES
005 - FECHA Y HORA DE LA ÚLTIMA TRANSACCIÓN
Fecha y hora de la última transacción 20180613103909.0
008 - CAMPO FIJO DE DESCRIPCIÓN FIJA--INFORMACIÓN GENERAL
Códigos de información de longitud fija   040830s2004 sp t o000 | cat d
017 ## - NÚMERO DE REGISTRO DE DERECHOS DE AUTOR Y DEPÓSITO LEGAL
Número de copyright o de depósito legal B 13051-2004
Agencia que asigna el número DL
020 ## - ISBN (INTERNATIONAL STANDARD BOOK NUMBER)
Número Internacional Normalizado para Libros (ISBN) 8439363893
035 ## - NÚMERO DE CONTROL DEL SISTEMA
Número de control del sistema CES20040011451m
040 ## - FUENTE DE CATALOGACIÓN
Centro catalogador de origen ES-MaCES
Lengua de catalogación spa
Centro transcriptor ES-MaCES
100 1# - ENCABEZAMIENTO PRINCIPAL--NOMBRE PERSONAL
9 (RLIN) 25045
Nombre de persona Torrent i Sellens, Joan
245 10 - MENCIÓN DE TÍTULO
Título Innovació tecnològica, creixement econòmic i economia del coneixement
Resto del título : una aproximació empírica, agregada i internacional a la incorporació del coneixement a l'activitat productiva durant la dècada dels noranta
Mención de responsabilidad, etc. Joan Torrent i Sellens
260 ## - PUBLICACIÓN, DISTRIBUCIÓN, ETC (PIE DE IMPRENTA)
Lugar de publicación, distribución, etc. Barcelona
Nombre del editor, distribuidor, etc. Consell de Treball, Econòmic i Social de Catalunya
Fecha de publicación, distribución, etc. [2004]
300 ## - DESCRIPCIÓN FÍSICA
Extensión 388 p.
Dimensiones 24 cm
490 1# - MENCIÓN DE SERIE
Mención de serie Col.lecció Tesis doctorals
500 ## - NOTA GENERAL
Nota general En la port.: Programa de doctorat sobre la societat de la informació i el coneixement, Institut Interdisciplinari d'internet (IN3), Universitat Oberta de Catalunya (UOC)
504 ## - NOTA DE BIBLIOGRAFÍA, ETC.
Nota de bibliografía, etc. Bibliografía: p. 307-337
541 ## - NOTA DE LA FUENTE INMEDIANTE DE ADQUISICIÓN
Forma de adquisición Gratuito
650 #4 - ASIENTO SECUNDARIO DE MATERIA--TÉRMINO DE MATERIA
Término de materia o nombre geográfico como elemento inicial innovación
9 (RLIN) 28230
650 #4 - ASIENTO SECUNDARIO DE MATERIA--TÉRMINO DE MATERIA
Término de materia o nombre geográfico como elemento inicial cambio tecnológico
9 (RLIN) 28236
650 #4 - ASIENTO SECUNDARIO DE MATERIA--TÉRMINO DE MATERIA
Término de materia o nombre geográfico como elemento inicial tecnología de la información
9 (RLIN) 30104
650 #4 - ASIENTO SECUNDARIO DE MATERIA--TÉRMINO DE MATERIA
Término de materia o nombre geográfico como elemento inicial crecimiento económico
9 (RLIN) 27094
650 #4 - ASIENTO SECUNDARIO DE MATERIA--TÉRMINO DE MATERIA
Término de materia o nombre geográfico como elemento inicial productividad
9 (RLIN) 28259
650 #4 - ASIENTO SECUNDARIO DE MATERIA--TÉRMINO DE MATERIA
Término de materia o nombre geográfico como elemento inicial teoría económica
9 (RLIN) 27076
650 #4 - ASIENTO SECUNDARIO DE MATERIA--TÉRMINO DE MATERIA
Término de materia o nombre geográfico como elemento inicial país de la OCDE
9 (RLIN) 29055
650 #4 - ASIENTO SECUNDARIO DE MATERIA--TÉRMINO DE MATERIA
Término de materia o nombre geográfico como elemento inicial 1990-2000
9 (RLIN) 31184
650 #4 - ASIENTO SECUNDARIO DE MATERIA--TÉRMINO DE MATERIA
Término de materia o nombre geográfico como elemento inicial tesis
9 (RLIN) 28995
653 10 - TÉRMINO DE INDEXACIÓN--NO CONTROLADO
Término no controlado Transporte-Comunicaciones
650 #4 - ASIENTO SECUNDARIO DE MATERIA--TÉRMINO DE MATERIA
9 (RLIN) 27071
Término de materia o nombre geográfico como elemento inicial evaluación económica
710 2# - ENCABEZAMIENTO SECUNDARIO--NOMBRE CORPORATIVO
Nombre de entidad o nombre de jurisdicción como elemento inicial Consejo de Trabajo, Económico y Social de Cataluña
Término indicativo de función ed.
9 (RLIN) 2399
710 2# - ENCABEZAMIENTO SECUNDARIO--NOMBRE CORPORATIVO
Nombre de entidad o nombre de jurisdicción como elemento inicial Universitat Oberta de Catalunya
Unidad subordinada Internet Interdisciplinary Institute
9 (RLIN) 5407
830 #0 - ENCABEZAMIENTO SECUNDARIO DE COLECCIÓN--TÍTULO UNIFORME
Título uniforme Col.lecció Tesis doctorals (Consejo de Trabajo, Económico y Social de Cataluña)
Designación de volumen o secuencia 1
9 (RLIN) 34022
902 ## - CES. TIPO DE DOCUMENTO
Tipodoc (006$c Sirtex) LIB Libro
942 ## - ELEMENTOS KOHA
Fuente de clasificaión o esquema Clasificación propia del CES
Koha [por defecto] tipo de item Monografías
Parte de clasificación 5.2.
Existencias
Número de registro Signatura completa Tipo de item de Koha
057704 CONS CATALUÑA 18 Monografías
© CES, Consejo Económico y Social de España 2021